Το οριζόντιο ύψος και άλλες αφύσικες ιστορίες
Saved in:
| Main Author: | |
|---|---|
| Other Authors: | |
| Format: | Book |
| Language: | Greek |
| Published: |
Αθήνα :
Κίχλη,
2011.
|
| Edition: | 5η έκδ. |
| Series: | Σύγχρονη ελληνική πεζογραφία (Κίχλη)
|
| Subjects: | |
| Tags: |
Add Tag
No Tags, Be the first to tag this record!
|
MARC
| LEADER | 00000cam a2200000 a 4500 | ||
|---|---|---|---|
| 001 | 1/122900 | ||
| 008 | 210420t2011####gr | ||| |||| ||gre|| | ||
| 020 | |a 9789609839037 |q (χαρτόδετο) | ||
| 040 | |a GR-MyUa |b gre |c GR-MyUa |e AACR2 | ||
| 041 | 0 | |a gre | |
| 082 | 7 | |a 889.3 |2 (23) | |
| 100 | 1 | |a Χιόνης, Διονύσιος Π. | |
| 245 | 0 | 6 | |a Το οριζόντιο ύψος και άλλες αφύσικες ιστορίες / |c Αργύρης Χιόνης ; με σχέδια της Εύης Τσακνιά. |
| 250 | |a 5η έκδ. | ||
| 260 | |a Αθήνα : |b Κίχλη, |c 2011. | ||
| 300 | |a 126 σ. : |b εικ. ; |c 20 εκ. | ||
| 650 | 0 | |a Greek fiction, Modern |y 21st century. | |
| 700 | 1 | |a Τσακνιά, Εύη, |e ill | |
| 830 | 0 | |a Σύγχρονη ελληνική πεζογραφία (Κίχλη) | |
| 852 | |a INST |b CHIOS |e 20210420 |h 889.3 ΧΙΟ |p 005200039774 |q 005200039774 |t BK |y 4 |x 20210427 | ||
| 970 | |a Σπέντζα |b Ελένη |z 2021-04 | ||